Career warfare : (Record no. 344464)
[ view plain ]
| 000 -LEADER | |
|---|---|
| fixed length control field | 02014 a2200217 4500 |
| 020 ## - INTERNATIONAL STANDARD BOOK NUMBER | |
| International Standard Book Number | 0071417583 |
| 020 ## - INTERNATIONAL STANDARD BOOK NUMBER | |
| International Standard Book Number | 9780071417587 |
| 082 04 - DEWEY DECIMAL CLASSIFICATION NUMBER | |
| Classification number | 650.14 |
| 090 ## - LOCALLY ASSIGNED LC-TYPE CALL NUMBER (OCLC); LOCAL CALL NUMBER (RLIN) | |
| -- | 1960 |
| -- | 1960 |
| 100 1# - MAIN ENTRY--PERSONAL NAME | |
| Personal name | D'Alessandro. |
| 245 10 - TITLE STATEMENT | |
| Title | Career warfare : |
| Remainder of title | 10 rules for building a successful personal brand and fighting to keep it / |
| Statement of responsibility, etc. | D'Alessandro. |
| 250 ## - EDITION STATEMENT | |
| Edition statement | 1st ed. |
| 260 ## - PUBLICATION, DISTRIBUTION, ETC. | |
| Place of publication, distribution, etc. | [S.l.] : |
| Name of publisher, distributor, etc. | McGraw-Hill, |
| Date of publication, distribution, etc. | 2003. |
| 300 ## - PHYSICAL DESCRIPTION | |
| Extent | 216 p. ; |
| Dimensions | 24 cm. |
| 500 ## - GENERAL NOTE | |
| General note | Hardcover. |
| 520 ## - SUMMARY, ETC. | |
| Summary, etc. | FROM THE NATIONAL BESTSELLING AUTHOR OF BRAND WARFARE A genuine winner shows you how to stand out from the crowd As CEO of John Hancock Financial Services and the bestselling author of Brand Warfare , David D'Alessandro knows plenty about breaking away from the pack. In Career Warfare, this ultimate insider tells the true story of how he learned the unwritten rules of corporate ladder climbing. In his signature, outspoken style, D'Alessandro offers concrete advice on building a reputation that commands respect, coping with office politics, and surviving the less-than-sane aspects of any organization. He explains why only 20 percent of the people in a given corporation are truly valuable to the organization, demonstrates the right way to polish the boss's image and prevent the boss from tarnishing the reader's, and provides valuable lessons in the etiquette of reputation building. Through engaging, often-hilarious stories drawn from his own dramatic climb to the top, David D'Alessandro speaks to success-oriented readers at every level and explains: How to make people want to take a chance on them How to gain and keep a great reputation Why success will not proceed in a rational manner Why hard work and accomplishment aren't enough What character has to do with it. |
| 700 1# - ADDED ENTRY--PERSONAL NAME | |
| Personal name | D'Alessandro, David. |
| 856 40 - ELECTRONIC LOCATION AND ACCESS | |
| Materials specified | Amazon.com |
| Uniform Resource Identifier | <a href="http://www.amazon.com/exec/obidos/ASIN/0071417583/chopaconline-20">http://www.amazon.com/exec/obidos/ASIN/0071417583/chopaconline-20</a> |
| 856 40 - ELECTRONIC LOCATION AND ACCESS | |
| Materials specified | Amazon customer reviews |
| Uniform Resource Identifier | <a href="http://www.chopac.org/cgi-bin/tools/azrev.pl?q=0071417583">http://www.chopac.org/cgi-bin/tools/azrev.pl?q=0071417583</a> |
| 942 ## - ADDED ENTRY ELEMENTS (KOHA) | |
| Institution code [OBSOLETE] | NBS |
| Koha item type | Book |
| Call number prefix | 650.1 DAV |
| Withdrawn status | Lost status | Damaged status | Not for loan | Permanent Location | Current Location | Date acquired | Total Checkouts | Total Renewals | Full call number | Barcode | Checked out | Date last seen | Date last checked out | Price effective from | Koha item type |
|---|---|---|---|---|---|---|---|---|---|---|---|---|---|---|---|
| Central Library (CL) | Central Library (CL) | 08/28/2013 | 3 | 2 | 650.1 DAV | NBS6914 | 05/08/2026 | 02/03/2026 | 02/03/2026 | 08/28/2013 | Book |
